Подробности
| 000 -МАРКЕР |
| контрольное поле |
01477nam0a2200385 4500 |
| 001 - ИДЕНТИФИКАТОР ЗАПИСИ |
| контрольное поле |
RU\NLR\BIBL_A\010455944 |
| 005 - ИДЕНТИФИКАТОР ВЕРСИИ |
| контрольное поле |
20250614054243.0 |
| 010 ## - МЕЖДУНАРОДНЫЙ СТАНДАРТНЫЙ НОМЕР КНИГИ (ISBN) |
| Номер (ISBN) |
978-5-906114-05-1 |
| 010 ## - МЕЖДУНАРОДНЫЙ СТАНДАРТНЫЙ НОМЕР КНИГИ (ISBN) |
| Номер (ISBN) |
978-5-906114-02-0 |
| Тираж |
1000 |
| 021 ## - НОМЕР ГОСУДАРСТВЕННОЙ РЕГИСТРАЦИИ |
| Код страны |
Российская Федерация |
| Номер |
2014-47744 |
| Номер Листа государственной регистраци |
2888 |
| 035 ## - ДРУГИЕ СИСТЕМНЫЕ НОМЕРА |
| Идентификатор записи |
(NILC)RuMoRGB-007515691 |
| 035 ## - ДРУГИЕ СИСТЕМНЫЕ НОМЕРА |
| Идентификатор записи |
(NLR Aleph) 010455944 |
| 100 ## - ДАННЫЕ ОБЩЕЙ ОБРАБОТКИ |
| Данные общей обработки |
20140901d2014 |||y0rusy50 ca |
| 101 0# - ЯЗЫК РЕСУРСА |
| Язык текста, звукозаписи и т.д. |
русский |
| 102 ## - СТРАНА ПУБЛИКАЦИИ ИЛИ ПРОИЗВОДСТВА |
| Страна публикации |
Российская Федерация |
| 105 ## - ПОЛЕ КОДИРОВАННЫХ ДАННЫХ: ТЕКСТОВЫЕ МАТЕРИАЛЫ, МОНОГРАФИЧЕСКИЕ |
| Кодированные данные о монографическом текстовом документе |
ac||z||||00yy |
| 200 1# - ЗАГЛАВИЕ И СВЕДЕНИЯ ОБ ОТВЕТСТВЕННОСТИ |
| Основное заглавие |
Путеводитель по медитации |
| Первые сведения об ответственности |
Вадим Запорожцев, Виктория Бегунова, Анастасия Михеева, Дарья Савельева |
| 210 ## - ПУБЛИКАЦИЯ, РАСПРОСТРАНЕНИЕ И ДР. |
| Место издания, распространения и т.д. |
Москва |
| Имя издателя, распространителя и т. д. |
Yoga press |
| Дата издания, распространения и т.д. |
2014 |
| 215 ## - ФИЗИЧЕСКАЯ ХАРАКТЕРИСТИКА |
| Специфическое обозначение материала и объем |
203 с. |
| Другие сведения о физической характеристике |
ил., портр. |
| Размеры |
21 |
| 225 1# - СЕРИЯ |
| Основное заглавие серии |
Серия "Путеводители по йоге" |
| Обозначение тома |
т. 4 |
| 300 ## - ОБЩИЕ ПРИМЕЧАНИЯ |
| Текст примечания |
Загл. обл.: Медитация |
| 512 1# - ЗАГЛАВИЕ ОБЛОЖКИ |
| Заглавие обложки |
Медитация |
| 606 1# - НАИМЕНОВАНИЕ ТЕМЫ КАК ПРЕДМЕТ |
| Наименование темы |
Медитация |
| Системный номер авторитетной/нормативной записи |
1261607 |
| Идентификатор авторитетной/нормативной записи |
RU\NLR\AUTH\66200516 |
| 686 1# - ИНДЕКСЫ ДРУГИХ КЛАССИФИКАЦИЙ |
| Индекс |
Ю969.1 |
| 701 #1 - ИМЯ ЛИЦА - АЛЬТЕРНАТИВНАЯ ОТВЕТСТВЕННОСТЬ |
| Начальный элемент ввода |
Запорожцев |
| Часть имени, кроме начального элемента ввода |
В. В. |
| Даты |
1970- |
| Расширение инициалов личного имени |
Вадим Валерьевич |
| Системный номер авторитетной/нормативной записи |
174808 |
| Идентификатор авторитетной/нормативной записи |
RU\NLR\AUTH\770174859 |
| 701 #1 - ИМЯ ЛИЦА - АЛЬТЕРНАТИВНАЯ ОТВЕТСТВЕННОСТЬ |
| Начальный элемент ввода |
Бегунова |
| Часть имени, кроме начального элемента ввода |
В. |
| Расширение инициалов личного имени |
Виктория |
| 701 #1 - ИМЯ ЛИЦА - АЛЬТЕРНАТИВНАЯ ОТВЕТСТВЕННОСТЬ |
| Начальный элемент ввода |
Михеева |
| Часть имени, кроме начального элемента ввода |
А. |
| Расширение инициалов личного имени |
Анастасия |
| 701 #1 - ИМЯ ЛИЦА - АЛЬТЕРНАТИВНАЯ ОТВЕТСТВЕННОСТЬ |
| Начальный элемент ввода |
Савельева |
| Часть имени, кроме начального элемента ввода |
Д. |
| Расширение инициалов личного имени |
Дарья |
| 801 #0 - ИСТОЧНИК ЗАПИСИ |
| Страна |
Российская Федерация |
| Организация |
РГБ |
| Дата составления |
20140704 |
| Правила каталогизации |
RCR |
| 801 #1 - ИСТОЧНИК ЗАПИСИ |
| Страна |
Российская Федерация |
| Организация |
РГБ |
| Дата составления |
20140704 |
| Источник данных |
rusmarc |
| 942 ## - ДОПОЛНИТЕЛЬНЫЕ ЭЛЕМЕНТЫ ЗАПИСИ (АБИС) |
| Тип экземпляра АБИС |
Книга |
| 980 ## - КОЛЛЕКЦИЯ |
| Название коллекции |
Национальная библиография |